000
00262nam a2200097Ia 4500
001
1300101
005
20260420095857.0
008
260420s9999 xx 000 0 und d
245
0
_a
PADİŞAHIN KAYIP KIZLARI
_c
MÜNİRE DANİŞ
260
_b
TİMAŞ ÇOCUK YAYINLARI
999
_c
1300101
_d
1300101